100 suosituinta naisten nimeä alkukirjaimella D - Statistics

Yleistilastot
  • Tätä visaa on pelattu 54 kertaa
  • Keskiarvotulos 24 / 100
Vastaustilastot
% Oikein
Dia
92%
Diya
92%
Diana
89%
Dianna
89%
Dan
86%
Daniel
81%
Daniela
78%
Daniella
78%
Donna
78%
Dora
70%
Doris
68%
Dina
62%
Dinah
62%
Dana
51%
Danielle
46%
Daria
46%
Darja
46%
Darya
46%
Diandra
46%
Daalia
41%
Dahlia
41%
Dalia
41%
Dea
41%
Dolly
38%
Daisy
35%
Desiré
35%
Desire
35%
Desiree
35%
Desirée
35%
Désirée
35%
Desireé
35%
Demi
32%
Diane
32%
Disa
32%
Dorothy
30%
Dorotea
27%
Dorothea
27%
Dagmar
24%
Dania
24%
Danja
24%
Dara
24%
Derya
24%
Dalila
22%
Delia
22%
Delila
22%
Denice
22%
Denise
22%
Deniz
22%
Debora
19%
Deborah
19%
Dima
19%
Dorrit
19%
Darina
16%
Doaa
16%
Dua
16%
Dagny
14%
Dakota
14%
Dilan
14%
Devi
11%
Dila
11%
Dolores
11%
Davina
8%
Derin
5%
Destiny
5%
Dominika
5%
Dominique
5%
Danica
3%
Danika
3%
Dao
3%
Darling
3%
Dawn
3%
Defne
3%
Ditte
3%
Divine
3%
Donia
3%
Donya
3%
Dorita
3%
Dorota
3%
Dafina
0%
Dahir
0%
Dalal
0%
Damaris
0%
Damla
0%
Danuta
0%
Deeqo
0%
Delal
0%
Delphine
0%
Desideria
0%
Diem
0%
Dieu
0%
Dilara
0%
Dilek
0%
Dimitra
0%
Dorcas
0%
Drita
0%
Dung
0%
Dunia
0%
Dunja
0%
Dunya
0%
Duyen
0%
Ehtoja vastaavia visoja ei löytynyt
Tulosjakauma
Jokaisen tuloksen saaneiden osuus
Persentiili vastausten määrän mukaan
Tuloshistoriasi
Et ole pelannut tätä visaa